Bilecik Bilecik Bilecik Bilecik Bilecik

Covid-19 pandemisine ilişkin toplumsal etkenler/ (Record no. 71270)

MARC details
000 -BAŞLIK
Sabit Uzunluktaki Kontrol Alanı 00906nam a22002897a 4500
001 - KONTROL NUMARASI
Control Dosyası 0070522
003 - KONTROL NUMARASI KİMLİĞİ
Kontrol Alanı KOHA_MİRAKIL
005 - EN SON İŞLEM TARİHİ ve ZAMANI
Kontrol Alanı 20260207004929.0
007 - FİZİKSEL TANIM SABİT ALAN - GENEL BİLGİ
Sabit uzunluklu kontrol alanı ta
008 - SABİT UZUNLUKTAKİ VERİ ÖGELERİ - GENEL BİLGİ
Sabit Alan 240130b2021 tu |||gr||||#0|||0|tur |
020 ## - ISBN - ULUSLARARASI STANDART KİTAP NUMARASI
Isbn 9786254030154
040 ## - KATALOGLAMA KAYNAĞI
Özgün Kataloglama Kurumu TR-BiSEU
Kataloglama Dili tur
Çeviri Kurumu TR-BiSEU
Açıklama Kuralları rda
041 0# - DİL KODU
Metin ya da ses kaydının dil kodu tur
044 ## - YAYINLAYAN/ÜRETEN KURULUŞUN ÜLKE KODU
ISO country code tu
050 ## - SINIFLAMA ve YER NUMARASI
Sınıflama Numarası RA648.5
Yer Numarası .C67 2021
245 1# - ESER ADI BİLDİRİMİ
Başlık Covid-19 pandemisine ilişkin toplumsal etkenler/
Sorumluluk Bildirimi editör Talip Küçükcan.
264 #1 - ÜRERİM, YAYIN, DAĞITIM ve TELİF BİLDİRİMİ
Yayın yeri Ankara :
Yayınlayan İçişleri Bakanlığı İç Güvenlik Stratejileri Dairesi Başkanlığı
Yayın tarihi 2021
300 ## - FİZİKSEL TANIMLAMA
Sayfa, Cilt vb. 115 sayfa: resimli; 24 cm.
336 ## - İÇERİK TÜRÜ
Content type term metin
Content type code txt
Source rdacontent
337 ## - MEDYA TÜRÜ
Media type term aracısız
Media type code n
Source rdamedia
338 ## - TAŞIYICI TÜRÜ
Carrier type term cilt
Carrier type code nc
Source rdacarrier
500 ## - GENEL NOT
Genel Not Kaynakça var.
650 #0 - KONU BAŞLIĞI EK GİRİŞ - KONU TERİMİ
Konusal terim veya coğrafi ad COVID-19 (Hastalık)--Sosyal yönler.
9 (RLIN) 123555
650 #0 - KONU BAŞLIĞI EK GİRİŞ - KONU TERİMİ
Konusal terim veya coğrafi ad COVID-19 (Hastalık)--Etkiler.
9 (RLIN) 137726
907 ## - LOCAL DATA ELEMENT G, LDG (RLIN)
a Sağlık
942 ## - EK GİRİŞ ÖGELERİ (KOHA)
Source of classification or shelving scheme Library of Congress Classification
Koha item type Book
Holdings
Materyal Türü Kalıcı Konum Mevcut Konum Raf Yeri Sınıflandırma Kaynağı Edinim Bilgisi Ana Konular Alt Konular Yer Numarası Demirbaş Numarası Fatura Tarihi Geri Çekilme Durumu Kayıp Durumu Hasarlı Durumu Kredi için değil Kayıt Tarih Toplam Ödünçverme Son Görülme Tarihi Son Kontrol Tarihi Genel / Bağış Notu
Book Prof. Dr. Azmi Özcan Kütüphanesi Prof. Dr. Azmi Özcan Kütüphanesi Birûni Salonu Library of Congress Classification Bağış TIP Tıbbın Sosyal Yönleri (Halk Sağlığı) RA648.5 .C67 2021 0070522 02/02/2026         30/01/2024   17/03/2025 17/03/2025 Genel Bağış